UPI space daily

Bibliographic Details
Format: Electronic Newspaper
Language:English
Published: Washington, District of Columbia : United Press International
Subjects:
Online Access:Full text available from Research Library: 10/13/2005 to present

MARC

LEADER 00000nas a2200000 i 4500
001 ssj0001078647
003 WaSeSS
005 20200512172242.0
006 m d
007 cr n
008 140110c20uu9999dcud| n|s|||||| |0eng d
035 |a (WaSeSS)ssj0001078647 
040 |a WaSeSS  |b eng  |c WaSeSS  |d WaSeSS 
043 |a n-us-dc 
050 1 4 |a F191 
130 0 |a UPI space daily (Washington, District of Columbia) 
245 1 0 |a UPI space daily  |h [electronic resource]. 
246 1 |a United Press International space daily 
260 |a Washington, District of Columbia :  |b United Press International 
310 |a Daily 
506 |a License restrictions may limit access. 
588 |a Description based on: October 13, 2005; title from title screen (ProQuest, viewed Jan. 10, 2014). 
588 |a Latest issue consulted: January 9, 2014 (viewed Jan. 10, 2014). 
651 0 |a Washington (D.C.)  |v Newspapers. 
655 0 |a Electronic journals. 
856 4 0 |z Full text available from Research Library: 10/13/2005 to present  |u https://search.proquest.com/publication/28858